000 00569nam a22001937a 4500
005 20251108172157.0
008 250721s1989 xx 000 0 ara d
082 1 4 _a759.06/أوه
100 1 _aأوهر، هورست
245 1 0 _aروائع التعبيرية الألمانية /
264 1 _aبغداد :
_bدار الشؤون الثقافية العامة،
_c1989.
300 _a151ص : مص
650 1 7 _aالرسم
650 1 7 _aالفن
650 1 7 _aألمانيا
700 1 _aخليل، فخري
_eترجمة
942 _2ddc
_cBK
999 _c72376
_d72376